Online
Catalog

La hija del puma / (Record no. 37118)

MARC details
000 -CABECERA
campo de control de longitud fija 00547nam a2200181 a 4500
001 - NÚMERO DE CONTROL
campo de control 000037628
005 - FECHA Y HORA DE LA ÚLTIMA TRANSACCIÓN
campo de control 20200930080458.0
008 - DATOS DE LONGITUD FIJA--INFORMACIÓN GENERAL
campo de control de longitud fija 121010s2004 gt 000 0 spa d
020 ## - NÚMERO INTERNACIONAL ESTÁNDAR DEL LIBRO
Número Internacional Estándar del Libro 9789992211274
040 ## - FUENTE DE LA CATALOGACIÓN
Centro catalogador/agencia de origen DO-SdBNP
Lengua de catalogación spa
Centro/agencia transcriptor BNPHU
100 1# - ENTRADA PRINCIPAL--NOMBRE DE PERSONA
Nombre de persona Zak, Mónica
9 (RLIN) 64092
240 10 - TÍTULO UNIFORME
Título uniforme Pumans Dotter
Lenguaje de la obra Español
245 13 - MENCIÓN DE TÍTULO
Título La hija del puma /
Mención de responsabilidad, etc. Mónica Zak ; traducción Ana Valdés.
260 ## - PUBLICACIÓN, DISTRIBUCIÓN, ETC.
Lugar de publicación, distribución, etc. Guatemala :
Nombre del editor, distribuidor, etc. Piedra Santa,
Fecha de publicación, distribución, etc. 2004.
300 ## - DESCRIPCIÓN FÍSICA
Extensión 247 p. ;
Dimensiones 22 cm.
500 ## - NOTA GENERAL
Nota general Traducida del idioma sueco
700 1# - PUNTO DE ACCESO ADICIONAL--NOMBRE DE PERSONA
Nombre de persona Valdés, Ana,
Término indicativo de función/relación trad.
9 (RLIN) 64093
Holdings
Estado de retiro Estado de pérdida Restricciones de uso No para préstamo Código de colección Localización permanente Ubicación/localización actual Ubicación en estantería Fecha de adquisición Número de inventario Total de préstamos Signatura topográfica completa Código de barras Fecha visto por última vez Precio válido a partir de Tipo de ítem Koha
    Préstamo interno   Monografías: Libros y Folletos General General Depósito 10.10.2012 LF1   37628-10 25.06.2020 25.06.2020 Préstamo interno
      Excluido de préstamo Monografías: Libros y Folletos General General Depósito 10.10.2012 LF1   37629-10 25.06.2020 25.06.2020 No se presta

Powered by Koha